000 00558nam a2200229Ia 4500
003 OSt
005 20220918204634.0
006 a|||||r|||| 00| 0
007 ta
008 220917b |||||||| |||| 00| 0 eng d
024 _a113,607
037 _cTextual
040 _aARTS
_cARTS
_beng
041 _2eng
_aeng
082 _aV5:1:N3, H8
100 _aMarriot J A R
_9112673
245 0 _aHistory of Europe 1815-1939
260 _c1948
650 _aHISTORY
942 _hV5:1:N3, H8
_cTEXL
_2CC
999 _c236938
_d236938